Evaluating computer- assisted language learning: An integrated approach to effectiveness research in CALL (Record no. 1393972)

MARC details
000 -LEADER
fixed length control field 00639nam a2200205Ia 4500
005 - DATE AND TIME OF LATEST TRANSACTION
control field 20250508165232.0
008 - FIXED-LENGTH DATA ELEMENTS--GENERAL INFORMATION
fixed length control field 008 250505s9999 xx 000 0 eng d
020 ## - INTERNATIONAL STANDARD BOOK NUMBER
International Standard Book Number 978-81-7658-072-4
037 ## - SOURCE OF ACQUISITION
Stock number TextBook
040 ## - CATALOGING SOURCE
Original cataloging agency FEDL
Language of cataloging eng
Transcribing agency FEDL
041 ## - LANGUAGE CODE
Language code of text/sound track or separate title eng
Source of code eng
084 ## - COLON CLASSIFICATION NUMBER
Classification number 418.007, LEA/R
Assigning agency FEDL
100 ## - MAIN ENTRY--PERSONAL NAME
Personal name Leakey Jonathan
9 (RLIN) 780234
245 #0 - TITLE STATEMENT
Title Evaluating computer- assisted language learning: An integrated approach to effectiveness research in CALL
260 ## - PUBLICATION, DISTRIBUTION, ETC.
Place of publication, distribution, etc. Oxford, UK
Name of publisher, distributor, etc. Peter Lang
Date of publication, distribution, etc. 2011
300 ## - PHYSICAL DESCRIPTION
Extent xii, 308p.
365 ## - TRADE PRICE
Price type code USD
Price amount 66.95
942 ## - ADDED ENTRY ELEMENTS (KOHA)
Koha item type Textbook
Classification part 418.007, LEA/R
Holdings
Withdrawn status Lost status Damaged status Not for loan Home library Current library Date acquired Cost, normal purchase price Total Checkouts Full call number Barcode Date last seen Price effective from Koha item type
        Department of Education Library Department of Education Library 2025-05-08 66.95   418.007, LEA/R EL0087611 2025-05-08 2025-05-08 Textbook
Copyright @ Delhi University Library System